| Art - Music/Opera | 0 | 4 | 0 | 1 | 40 | 126 | 133.50 | 0 | 2 |
| History - World | 0 | 3 | 1 | 2 | 25 | 114 | 121.67 | 0 | 0 |
| Art - Visual | 0 | 3 | 1 | 0 | 25 | 105 | 129.67 | 0 | 1 |
| Religion - Islam | 0 | 2 | 0 | 0 | 20 | 144 | 146.50 | 0 | 0 |
| Art - Painting/Sculpture | 0 | 2 | 1 | 0 | 15 | 101 | 121.00 | 1 | 1 |
| Literature - British drama | 0 | 1 | 0 | 0 | 10 | 141 | 141.00 | 0 | 0 |
| Literature - British poetry | 0 | 1 | 0 | 1 | 10 | 117 | 117.00 | 0 | 0 |
| Literature - World/Misc long fiction | 0 | 1 | 0 | 0 | 10 | 18 | 18.00 | 1 | 1 |
| Literature - World/Misc poetry | 0 | 1 | 0 | 0 | 10 | 144 | 144.00 | 0 | 0 |
| Current Events/Modern World - Rest of world social | 0 | 1 | 0 | 0 | 10 | 62 | 62.00 | 1 | 1 |
| History - American | 0 | 1 | 0 | 0 | 10 | 103 | 103.00 | 0 | 0 |
| History - European | 0 | 1 | 0 | 0 | 10 | 103 | 103.00 | 0 | 0 |
| Literature - American long fiction | 0 | 1 | 0 | 0 | 10 | 44 | 44.00 | 0 | 1 |
| Religion - Christianity/Judaism | 0 | 1 | 0 | 0 | 10 | 146 | 146.00 | 0 | 0 |
| Science - Engineering | 0 | 1 | 0 | 0 | 10 | 71 | 71.00 | 0 | 0 |
| Science - Physics | 0 | 1 | 0 | 0 | 10 | 88 | 88.00 | 0 | 0 |
| Social Science - IR | 0 | 1 | 0 | 0 | 10 | 127 | 127.00 | 1 | 1 |
| Literature - World/Misc short fiction | 0 | 1 | 0 | 0 | 10 | 102 | 102.00 | 0 | 1 |
| Mythology - East Asia | 0 | 1 | 0 | 1 | 10 | 151 | 151.00 | 0 | 0 |
| Mythology - Egyptian | 0 | 1 | 0 | 0 | 10 | 115 | 115.00 | 0 | 0 |
| Other Academic/Cross-Category - Any | 0 | 1 | 0 | 0 | 10 | 122 | 122.00 | 0 | 0 |
| Philosophy - Enlightenment | 0 | 1 | 0 | 0 | 10 | 129 | 129.00 | 0 | 0 |
| Philosophy - Mixed/Any | 0 | 1 | 0 | 0 | 10 | 119 | 119.00 | 0 | 0 |
| History - Other | 0 | 1 | 1 | 0 | 5 | 140 | 140.00 | 0 | 0 |
| Art - Other | 0 | 1 | 1 | 0 | 5 | 150 | 150.00 | 0 | 0 |
| Philosophy - Ancient | 0 | 0 | 0 | 0 | 0 | | 0.00 | 0 | 0 |
| Social Science - Psychology | 0 | 0 | 0 | 0 | 0 | | 0.00 | 0 | 0 |